[Event "3rd Memorial Hulak 2018"]
[Site "Zagreb"]
[Date "2018.12.01"]
[Round "1.11"]
[White "Yankelevich, Lev"]
[Black "Globan, Tomislav"]
[Result "1-0"]
[WhiteElo "2441"]
[BlackElo "1945"]
[Annotator "TA"]
[PlyCount "89"]
[EventDate "2018.11.26"]
[EventCountry "CRO"]
[SourceTitle "playchess.com"]
[Source "ChessBase"]
[SourceQuality "1"]

{[%evp 20,89,47,41,95,87,95,72,69,74,72,80,91,75,64,41,130,67,122,120,112,109,207,203,203,203,203,203,209,211,203,199,246,209,202,178,230,225,252,227,210,186,397,400,400,394,400,410,430,383,851,725,879,493,561,561,810,810,5548,5548,4128,1635,6004,10134,6605,5612,12603,5731,5720,5712,29985,29986]} 1. d4 d5 2. c4 e6 3. Nf3 c5 4. cxd5 exd5 5. g3 Nc6 6. Bg2 cxd4 7. Nxd4 Nf6 8. O-O Be7 9. Nc3 O-O 10. Be3 Be6 11. Rc1 {LiveBook: 16 Games. D34: Tarrasch Defence: 6 g3 Nf6 7 Bg2 Be7} Nxd4 (11... Qd7 $14) (11... Qd7 12. Nxe6 fxe6 13. Bf4 Rad8 14. Qa4 a6 15. Rfd1 Bd6 16. Bg5 Qf7 17. Rf1 h6 18. Bxf6 Qxf6 19. Qb3 Qe7 {1-0 (66) Nepomniachtchi,I (2705)-Radjabov,T (2738) Berlin 2015}) 12. Bxd4 $16 Qa5 13. Qa4 {White is better.} Qxa4 14. Nxa4 b6 15. Nc3 Rac8 $146 ({Predecessor:} 15... Rfd8 16. Rfd1 Rd7 17. e3 Rad8 18. f3 Ne8 {1-0 (49) Buhmann,R (2583)-Minko,V (2287) Vienna 2013}) 16. Nb5 Bc5 17. Rfd1 a6 {[#]} (17... Bxd4 $14 18. Nxd4 Bd7) 18. Nc3 ({White should play} 18. Na7 $1 $16) 18... Rfd8 ({Black should try} 18... Bxd4 $14 19. Rxd4 Ne4) 19. Bxf6 gxf6 20. Bxd5 Bxd5 (20... a5 $16) 21. Nxd5 $18 Rxd5 22. Rxd5 {Hoping for e3.} Bxf2+ 23. Kxf2 Rxc1 $16 {[%mdl 4096] Endgame KR-KR} 24. Rd6 b5 25. Rxa6 Rc2 26. b3 ({Don't do} 26. Rxf6 $6 Rxb2 27. Rb6 Rxa2 $16) 26... Kg7 27. Ke3 h5 (27... Rb2 $142 28. g4 Rc2) 28. Ra5 Kg6 29. Kd3 ({But not} 29. Rxb5 $6 Rxa2 30. b4 Rb2 $18) 29... Rb2 30. h4 Kh6 $2 {[#]} (30... f5 {was necessary.} 31. Rxb5 Rxa2 32. Rb6+ f6) 31. Rxb5 $18 Rxa2 32. Rf5 Kg6 33. e4 Rb2 34. Kc4 Rg2 $2 (34... Rc2+ 35. Kd4 Rb2) 35. Rf3 Re2 36. Kd4 Rb2 37. Kc5 Re2 38. b4 {[%cal Bb3b4,Bb4b5,Bb5b6][%mdl 32]} Rxe4 39. b5 Re5+ 40. Kc6 f5 41. b6 Re1 42. Rf4 Rc1+ 43. Kb5 Rb1+ 44. Rb4 Rxb4+ 45. Kxb4 {Accuracy: White = 63%, Black = 18%.} 1-0

[Event "3rd Memorial Hulak 2018"]
[Site "Zagreb"]
[Date "2018.12.01"]
[Round "1.12"]
[White "Vaupot, Luka"]
[Black "Tica, Sven"]
[Result "0-1"]
[WhiteElo "1941"]
[BlackElo "2439"]
[Annotator "TA"]
[PlyCount "80"]
[EventDate "2018.11.26"]
[EventCountry "CRO"]
[SourceTitle "playchess.com"]
[Source "ChessBase"]
[SourceQuality "1"]

{[%evp 13,80,43,42,0,31,-18,-26,-27,1,-6,51,39,60,57,68,26,28,29,7,14,105,85,92,27,43,29,43,30,22,18,14,15,1,-54,-52,-78,-39,-95,-100,-100,-99,-170,-180,-180,-178,-181,-193,-192,-181,-163,-162,-533,-535,-552,-536,-502,-510,-795,-597,-896,-891,-864,-856,-931,-929,-1089,-1089,-29986,-29987]} 1. d4 d5 2. c4 e6 3. Nf3 a6 4. g3 dxc4 5. Bg2 Nc6 6. O-O {D30: Queen's Gambit Declined: Systems without Nc3} Rb8 7. e3 {[%cal Be2e3,Be3e4][%mdl 32]} b5 {LiveBook: 4 Games} 8. Qe2 {White is slightly better.} Bb7 $146 ({Predecessor:} 8... Nf6 9. Rd1 Be7 10. e4 O-O {1-0 (73) Mikhalevski,V (2535)-Riazantsev,A (2646) Minsk 2015}) 9. Ne5 Nge7 10. Rd1 Qc8 (10... Nxe5 {with more complications.} 11. Bxb7 Nd3 12. Bg2 Nd5 13. Be4 Nxc1 14. Rxc1 Be7) 11. Nxc6 Bxc6 (11... Nxc6 $11 12. b3 cxb3) 12. e4 $1 $14 Ng6 13. h4 {[%mdl 1024] White has compensation.} h5 14. Bf3 e5 15. d5 Bd7 $1 16. b3 Be7 (16... Bg4 $11) 17. bxc4 $16 bxc4 {[#]} 18. Nc3 (18. Be3 $1 $16) 18... Bg4 $11 19. Be3 O-O 20. Bxg4 Qxg4 21. Qxg4 hxg4 22. h5 Nh8 23. Rab1 ({Better is} 23. Rac1 $11) 23... f6 $15 24. Na4 Nf7 25. Nc5 ({White should play} 25. Rbc1 $1 $15) 25... Bxc5 $17 26. Bxc5 Rfc8 27. Rxb8 (27. Rbc1 $17) 27... Rxb8 {[%mdl 4096] Endgame KRB-KRN} 28. Rc1 {[#]} Ng5 $1 29. Ba3 Nf3+ 30. Kg2 Nd2 31. Rc2 Nb1 32. Bc5 $2 (32. Bc1 {is a better chance.} c3 33. a3) 32... c3 $19 {[%cal Bc4c3,Bc3c2][%mdl 32]} 33. a3 Rb2 34. Rc1 a5 35. Kg1 (35. Be3 $142 c2 36. Kf1) 35... c2 36. Kg2 Nd2 37. Be3 Nb3 38. Rh1 Rb1 39. Rh4 Re1 {Threatens to win with ...Rxe3!} 40. h6 {[#]} Rxe3 $1 {[%mdl 576] Remove Defender, Promotion. Accuracy: White = 33%, Black = 60%.} 0-1